|
|
|
|
| LEADER |
01501nam a2200337 u 4500 |
| 001 |
10017629 |
| 003 |
upatras |
| 005 |
20210117205116.0 |
| 008 |
881025s1995 us eng |
| 020 |
|
|
|a 3211827137
|
| 040 |
|
|
|a GR-PaULI
|c GR-PaULI
|
| 041 |
0 |
|
|a eng
|
| 082 |
0 |
4 |
|a 519.5
|
| 245 |
1 |
0 |
|a Proceedings of the ISSEK94 Workshop on mathematical and statistical methods in artificial intelligence
|b Mathematical and statistical methods in artificial intelligence
|c edited by G. Della Riccia, R. Kruse, R. Viertl
|
| 260 |
|
|
|a New York
|b Springer - Verlag
|c 1995
|
| 300 |
|
|
|a 256 p.
|b fig.
|c 23 cm
|
| 490 |
0 |
|
|a CISM courses and lectures
|v 363
|
| 505 |
1 |
|
|a Includes references
|
| 650 |
|
4 |
|a Στατιστική
|9 85
|
| 650 |
|
4 |
|a Στατιστική
|9 85
|
| 650 |
|
4 |
|a Πιθανότητες
|9 199
|
| 700 |
1 |
|
|a Kruse, R.
|9 39805
|
| 700 |
1 |
|
|a Riccia Della, G.
|9 139983
|
| 700 |
1 |
|
|a Viertl, R.
|9 139984
|
| 760 |
1 |
|
|a Courses and lectures
|g 363
|
| 852 |
|
|
|a GR-PaULI
|b ΠΑΤΡΑ
|b ΒΚΠ
|b ΒΣ1
|k ΑΣΧΞ
|h 519.5 D
|m 34192
|p 025000071936
|t 1
|
| 852 |
|
|
|a GR-PaULI
|b ΠΑΤΡΑ
|b ΒΚΠ
|b ΒΣ1
|k ΑΣΧΞ
|h 519.5 D
|m 34193
|p 025000071935
|t 2
|
| 942 |
|
|
|2 ddc
|c BK15
|
| 952 |
|
|
|0 0
|1 0
|4 0
|6 519_500000000000000_D
|7 0
|9 169062
|a LISP
|b LISP
|c BSC
|d 2016-04-24
|i 34192
|l 0
|o 519.5 D
|p 025000071936
|r 2016-04-24 00:00:00
|t 1
|w 2016-04-24
|y BK15
|
| 952 |
|
|
|0 0
|1 0
|4 0
|6 519_500000000000000_D
|7 0
|9 169063
|a LISP
|b LISP
|c BSC
|d 2016-04-24
|i 34193
|l 0
|o 519.5 D
|p 025000071935
|r 2016-04-24 00:00:00
|t 2
|w 2016-04-24
|y BK15
|
| 999 |
|
|
|c 105727
|d 105727
|